El Mago de Oz

محفوظ في:
التفاصيل البيبلوغرافية
المؤلف الرئيسي: Baum, L. Frank (مؤلف)
التنسيق: كتاب
اللغة:الإسبانية
منشور في: Santiago Zig-Zag 1987
الطبعة:4a. ed
سلاسل:Colección infantil Zig-Zag
الموضوعات:
الوسوم: إضافة وسم
لا توجد وسوم, كن أول من يضع وسما على هذه التسجيلة!

MARC

LEADER 00000nam a2200000 a 4500
001 UCH6392
003 CL-VaPUC
008 091109e19870000CL |||||||||||||||||spa|d
082 0 4 |a 813  |b BAU  |2 21 
100 0 |a Baum, L. Frank  |e author  |9 542851 
245 1 3 |a El Mago de Oz 
250 |a 4a. ed 
300 |a 111 p 
942 |c BK 
945 |d 20091109 00:00:00  |a lazolas 
260 |a Santiago  |b Zig-Zag  |c 1987 
650 0 |a Literatura  |9 259151 
650 0 |a Literatura inglesa  |9 312907 
650 0 |a Escritores ingleses  |9 389424 
650 0 |a Literatura infantil   |9 307465 
650 0 |a Ficción   |9 376687 
650 0 |a Narrativa  |9 336727 
650 0 |a Lectura  |9 307634 
651 0 |a Estados Unidos  |9 255178 
583 |a last modification  |c 20091109 00:00:00  |k Rodrigo Vera 
490 0 |a Colección infantil Zig-Zag 
999 |c 337294  |d 337292